ARRUPE JESUIT UNIVERSITY

CORONAVIRUS -STOP THE SPREAD - CLEAN,DISINFECT,COVER

Mysticism (Record no. 52377)

MARC details
000 -LEADER
fixed length control field 00474nam a2200193Ia 4500
003 - CONTROL NUMBER IDENTIFIER
control field 0100
005 - DATE AND TIME OF LATEST TRANSACTION
control field 20170801110107.0
008 - FIXED-LENGTH DATA ELEMENTS--GENERAL INFORMATION
fixed length control field 130303s9999 xx 000 0 und d
040 ## - CATALOGING SOURCE
Transcribing agency ARRUPELIB
050 ## - LIBRARY OF CONGRESS CALL NUMBER
Classification number B828UND1955
100 ## - MAIN ENTRY--PERSONAL NAME
Personal name Underhill, Evelyn
9 (RLIN) 34152
245 ## - TITLE STATEMENT
Title Mysticism
245 ## - TITLE STATEMENT
Remainder of title A Study in the nature and development of man's spiritual consciousness
260 ## - PUBLICATION, DISTRIBUTION, ETC. (IMPRINT)
Name of publisher, distributor, etc Noonday Books
Place of publication, distribution, etc NY
Date of publication, distribution, etc 1955
300 ## - PHYSICAL DESCRIPTION
Extent 519p
650 ## - SUBJECT ADDED ENTRY--TOPICAL TERM
Topical term following geographic name as entry element Religion -- Philosophy
9 (RLIN) 34153
942 00 - ADDED ENTRY ELEMENTS (KOHA)
Koha issues (borrowed), all copies 1
Source of classification or shelving scheme Library of Congress Classification
Koha item type Monograph ( Printed materials)
Holdings
Withdrawn status Lost status Source of classification or shelving scheme Damaged status Not for loan Collection code Home library Current library Date acquired Total Checkouts Full call number Barcode Date last seen Copy number Price effective from Koha item type Date checked out Shelving location
    Library of Congress Classification     Main Collection ARRUPE LIBRARY ARRUPE LIBRARY 04/03/2013   BV5081.U55 1912 46003097326 24/01/2017 1 04/03/2013 Monograph ( Printed materials)    
    Library of Congress Classification     Main Collection ARRUPE LIBRARY ARRUPE LIBRARY 04/03/2013   BV5081.U55 1955 46003002122 24/01/2017 2 04/03/2013 Monograph ( Printed materials)    
    Library of Congress Classification     Main Collection ARRUPE LIBRARY ARRUPE LIBRARY 04/03/2013 2 BV5081.U55 1955 46003092247 19/05/2023 3 04/03/2013 Monograph ( Printed materials) 07/09/2022  
    Library of Congress Classification     Main Collection ARRUPE LIBRARY ARRUPE LIBRARY 04/03/2013 4 BV5081.U55 1955 46500027986 30/04/2025 4 04/03/2013 Monograph ( Printed materials) 23/08/2024 Main Collection

 

Arrupe Library. PO Box MP320 Mt Pleasant, Harare, Zimbabwe
263 242 745411|librarian@aju.ac.zw